| 000 | 00728nam a2200229 i 4500 | ||
|---|---|---|---|
| 005 | 20191224041523.0 | ||
| 008 | 140220s1996 ck ||||| |||| 00| 0 spa d | ||
| 040 |
_aCO-BoIAVH _cCO-BoIAVH |
||
| 041 | 0 | _aspa | |
| 044 | _ack | ||
| 082 | 0 | 4 |
_a595.44 _bF64a |
| 100 | 1 | _aFlórez Daza, Eduardo | |
| 245 | 1 | 0 |
_aArañas del departamento del Valle del Cauca : _bun manual introductorio a su diversidad y clasificación / _cEduardo Flórez Daza. |
| 260 |
_aCali . _bINCIVA _bCOLCIENCIAS, _c1996. |
||
| 300 | _a86 p. | ||
| 650 | 1 | 4 | _aArañas |
| 650 | _aClaves taxonómicas | ||
| 650 | _aMétodos de campo | ||
| 650 | _aMorfología | ||
| 650 | _aBiología de una especie | ||
| 942 |
_cLIBRO _2ddc |
||
| 999 |
_c318 _d318 |
||